000 00497nam a2200193Ia 4500
005 20250423101607.0
008 250422s9999 xx 000 0 und d
020 _a0323012078
050 _aRE 79.U4 B97/
100 _aByrne, Sandra Frazier
245 0 _aUltrasound of the eye and orbit
250 _a2nd ed.
260 _aPhiladelphia, PA
260 _bMosby
260 _cc2002
300 _a505 p
650 _aEye--Ultrasonic imaging. Eye-sockets--Ultrasonic imaging.
942 _cBK
999 _c36707
_d36707